La inmortalidad o vida nueva (Record no. 72028)

MARC details
000 -LEADER
campo de control de longitud fija 00538nam a2200157 i 4500
001 - NÚMERO DE CONTROL
campo de control 72028
003 - IDENTIFICADOR DE NÚMERO DE CONTROL
campo de control ES-MaACL
005 - FECHA Y HORA DE LA ÚLTIMA TRANSACCIÓN
campo de control 20230906171315.0
007 - CAMPO FIJO DE DESCRIPCIÓN FÍSICA--INFORMACIÓN GENERAL
campo de control de longitud fija t|
008 - DATOS DE LONGITUD FIJA--INFORMACIÓN GENERAL
campo de control de longitud fija 040823s1948 sp ||||1| spa d
100 1# - ENTRADA PRINCIPAL--NOMBRE DE PERSONA
Nombre de persona Gil Hernández, Eloy.
9 (RLIN) 56827
245 13 - MENCIÓN DEL TÍTULO
Título La inmortalidad o vida nueva
Resto del título : drama de prosopopeya en un prólogo y tres actos en prosa y verso /
Mención de responsabilidad, etc. Eloy Gil Hernández.
260 ## - PUBLICACIÓN, DISTRIBUCIÓN, ETC.
Lugar de publicación, distribución, etc. Madrid :
Nombre del editor, distribuidor, etc. Victoriano Suárez,
Fecha de publicación, distribución, etc. [1948] (
Fabricante Tip. Clásica-Española)
300 ## - DESCRIPCIÓN FÍSICA
Extensión 126p. ;
Dimensiones 16 cm.
852 ## - LOCALIZACIÓN
Ubicación ES-MaACL
Número de control de estantería 1892-F-1
Sublocalización o colección R.26264
Holdings
Estatus retirado Estado de pérdida Estado de daño No para préstamo Colección Biblioteca de origen Biblioteca actual Ubicación en estantería Fecha de adquisición Fuente de adquisición Total de préstamos Signatura topográfica completa Código de barras Visto por última vez Precio de reemplazo Tipo de ítem Koha
        Colección de folletos Biblioteca del Ateneo de Madrid Biblioteca del Ateneo de Madrid Depósito folletos 17/01/2008     1892-F-1 1075399 23/02/2023 23/02/2023 Folleto